01321nam a2200325Ia 4500001001200000003000800012006001900020007001500039008004100054020001500095040002100110035002000131050002600151082002200177100001900199245015000218260004100368300001900409490003900428504004100467533015200508650004600660650003100706655002900737700002700766710001700793830004000810856012600850999001900976ebr10058815CaPaEBRm u cr cn|||||||||040625s2004 dcu sb i000 0 eng d z0821358901 aCaPaEBRcCaPaEBR a(OCoLC)7075141514aHD1698.A3bA36 2004eb04a333.91/0095812221 aAhmad, Masood.10aWater resource development in Northern Afganistan and its implications for Amu Darya Basinh[electronic resource] /cMasood Ahmad, Mahwash Wasiq. aWashington, DC :bWorld Bank,c2004. avii, 53 p. cm.1 aWorld Bank working paper ;vno. 36 aIncludes bibliographical references. aElectronic reproduction.bPalo Alto, Calif. :cebrary,d2009.nAvailable via World Wide Web.nAccess may be limited to ebrary affiliated libraries. 0aWater resources developmentzAfghanistan. 0aWater-supplyzAfghanistan. 7aElectronic books.2local1 aWasiq, Mahwash,d1962-2 aebrary, Inc. 0aWorld Bank working paper ;vno. 36.40uhttp://site.ebrary.com/lib/rucke/Doc?id=10058815zAn electronic book accessible through the World Wide Web; click to view c170523d170523